00566nam a2200205 i 4500001001100000003000500011005001700016008004100033020001500074040002500089082001500114100003200129245002900161264004900190300002500239336002100264337002500285338002300310650002700333C2-0292636PPAK20180728024631.0090107s1995 nyu |||| ||||| | eng d a1883011078 aPPAKbengcPPAKerda04a808.832231 aChandler, Raymond, eauthor10aStories and early novels 1aNew York : bThe Library of America , c1995 a1199 pages ; c21 cm 2rdacontentatext 2rdamediaaunmediated 2rdacarrieravolume10aShort stories, English